LEADER 01561nam a2200289 4500 001 000000356251 003 CaOOAMICUS 005 20231129125157.0 008 231129s2013 it a 000 u ita r 020 $a978-88-6315-509-9 040 $aSeMil$bita 245 02$aL'invenzione di Ranieri il taumaturgo tra 12. e 14. secolo :$bagiografia ed immagini /$ca cura di Patrizia Castelli e Maria Luisa Ceccarelli Lemut. 264 1$aOspedaletto (Pisa) :$bPacini Editore,$c2013. 300 $a194 p. :$bill. ;$c24 cm 490 1 $aBiblioteca del Bollettino storico pisano. Collana storica ;$v59 600 14$aScacceri, Ranieri - Fortuna - Sec. 12.-14.$0(OLS)http://semarc/subject/54798 650 4$aPoteri taumaturgici - Santi e beati.$0(OLS)http://semarc/subject/54799 700 1 $aCastelli, Patrizia.$0(OLS)http://semarc/name/25398 700 1 $aCeccarelli Lemut, Maria Luisa,$d<1946- >.$0(OLS)http://semarc/name/118726 710 2 $aSocietà storica pisana.$0(OLS)http://semarc/name/118727 830 0$aBiblioteca del Bollettino storico pisano. Collana storica ;$v59.$0(OLS)http://semarc/title/446512 850 $aSeMil 852 $aSeMil$W1$xVenegono$y1$m3H IV 513$j244824$B247431$CSeMilBibl$Z2$F247431 $81 996 $6020$a978-88-6315-509-9$9(OLS)http://semarc/number/299381 996 $6245$aL'invenzione di Ranieri il taumaturgo tra 12. e 14. secolo :$bagiografia ed immagini$9(OLS)http://semarc/title/446513 996 $6264$aOspedaletto (Pisa) :$bPacini Editore$9(OLS)http://semarc/publisher/33038 LEADER 01099nam a2200265 i 4500 001 000000231053 003 CaOOAMICUS 005 20140707000000.0 008 140707s1969 it u000 u ita u 013 $a209956 040 $aSeMil$bita 100 0 $aHieronymus,$c.$0(OLS)http://semarc/name/471 245 10$aCommento al Vangelo di Matteo /$cGirolamo. 260 $aRoma :$bCittà Nuova,$c1969. 300 $a326 p. ;$c21 cm. 490 0 $aI Vangeli commentati dai Padri. Nuova serie 650 4$aBibbia. Nuovo Testamento. Vangelo secondo Matteo - Commentari, studi, critica, interpretazioni.$0(OLS)http://semarc/subject/32 830 2$aI Vangeli commentati dai Padri. Nuova serie.$0(OLS)http://semarc/title/21448 850 $aSeMil 852 $aSeMil$W1$xVenegono$y1$m2S II 270$j181399$B181399$CSeMilBibl$Z2$F193023 $81 900 0 $aGirolamo$c. 961 $aOmaggio: Altro 996 $6245$aCommento al Vangelo di Matteo$9(OLS)http://semarc/title/903 996 $6260$aRoma :$bCittà Nuova$9(OLS)http://semarc/publisher/29609